[Event "AUTO-ELITE-2306"]
[Site "http://www.queenalice.com/game.php?id=1641566"]
[Date "2021.1.26"]
[Round "1"]
[White "Lovac64"]
[Black "Sexxy_Bunny"]
[Result "0-1"]
[WhiteElo "2507"]
[BlackElo "2803"]

1. e4 c5 2. Nf3 d6 3. d4 cxd4 4. Nxd4 Nf6 5. Nc3 a6 6. f3 e5 7. Nb3 Be6 8. Be3
Nbd7 9. g4 Nb6 10. g5 Nh5 11. Qd2 Be7 12. O-O-O O-O 13. Rg1 Rc8 14. Kb1 g6 15.
h4 Qc7 16. Qh2 Nc4 17. Bxc4 Bxc4 18. Nd5 Bxd5 19. Rxd5 f5 20. gxf6 Rxf6 21. Rd3
Rf7 22. Nc1 Kh8 23. a3 Qd8 24. Bf2 a5 25. Be1 Qc7 26. Rf1 Nf4 27. Rc3 Qd7 28.
Rxc8+ Qxc8 29. Rh1 a4 30. Bb4 Qf8 31. Qg3 Qg7 32. Qg4 h5 33. Qd7 Qf6 34. Qxb7
Ng2 35. Rf1 Ne3 36. Re1 Qxf3 37. Qb8+ Kh7 38. Bxd6 Bxd6 39. Qxd6 Ng2 40. Rg1
Nxh4 41. Qxe5 Qf6 42. Qe8 Nf3 43. Rd1 Kg7 44. Nd3 Qd4 45. e5 Qd7 46. Qb8 Re7 47.
Kc1 Qe8 48. Qb4 Nxe5 49. Nc5 Qf7 50. Nxa4 g5 51. Nc3 h4 52. a4 h3 53. Ne2 Re8
54. Qb5 Re7 55. Qb4 Re8 56. Qb5 Kg6 0-1

[Event "AUTO-ELITE-2306"]
[Site "http://www.queenalice.com/game.php?id=1641567"]
[Date "2021.1.26"]
[Round "1"]
[White "Sexxy_Bunny"]
[Black "Lovac64"]
[Result "1-0"]
[WhiteElo "2801"]
[BlackElo "2509"]

1. e4 c6 2. d4 d5 3. e5 Bf5 4. Nf3 e6 5. Be2 Nd7 6. O-O h6 7. Nbd2 Ne7 8. Nb3 g5
9. Ne1 Qc7 10. Nd3 Ng6 11. Be3 O-O-O 12. Bg4 Be4 13. f3 Bxd3 14. Qxd3 Kb8 15. c3
c5 16. Qe2 h5 17. Bh3 Nf4 18. Bxf4 gxf4 19. Qd2 Bh6 20. Kh1 Rc8 21. Rfd1 Rhd8
22. Rac1 Bg5 23. Qe2 a6 24. c4 dxc4 25. Rxc4 Be7 26. Nxc5 Nxc5 27. b4 Qd7 28.
bxc5 Rxc5 29. g4 h4 30. Bf1 Qd5 31. Rxc5 Bxc5 32. Kg2 Bxd4 33. Kh3 Rc8 34. Qd3
Qc6 35. Re1 Bf2 36. Re4 Be3 37. Qd6+ Qxd6 38. exd6 Rc1 39. Bc4 b5 40. Bb3 Rf1
41. Kxh4 Rxf3 42. Kg5 Rh3 43. Kf6 f3 44. d7 Bb6 45. Kxf7 f2 46. Rf4 Kc7 47. Bxe6
Rxh2 48. Rf3 Rh1 49. Ke8 Rh8+ 50. Kf7 Kd8 51. Bf5 Rh1 52. Rc3 Bc7 53. Re3 Rh7+
54. Kg6 Rxd7 55. Rd3 f1=Q 56. Rxd7+ 1-0

[Event "AUTO-OPEN-4212"]
[Site "http://www.queenalice.com/game.php?id=1642120"]
[Date "2021.1.31"]
[Round "2"]
[White "bmax"]
[Black "Lovac64"]
[Result "0-1"]
[WhiteElo "2273"]
[BlackElo "2432"]

1. d4 d5 2. Nc3 Nf6 3. Bf4 e6 4. Nf3 Bb4 5. a3 Bxc3+ 6. bxc3 c5 7. e3 Qa5 8. Nd2
Qxc3 9. Rb1 cxd4 10. exd4 Nc6 11. Bb5 O-O 12. Bxc6 Qxc6 13. Rb3 b6 14. Bg5 Nd7
15. Rg3 f6 16. Bh6 Rf7 17. Qg4 Nf8 18. Bxg7 e5 19. Qf3 Rxg7 20. dxe5 fxe5 21.
O-O Bb7 22. Rxg7+ Kxg7 23. Qg3+ Ng6 24. Nf3 Qf6 25. Re1 Re8 26. h4 h5 27. Ng5 e4
28. Qc7+ Re7 0-1

[Event "AUTO-OPEN-4212"]
[Site "http://www.queenalice.com/game.php?id=1642121"]
[Date "2021.1.31"]
[Round "2"]
[White "Lovac64"]
[Black "bmax"]
[Result "1-0"]
[WhiteElo "2392"]
[BlackElo "2272"]

1. e4 d6 2. d4 Nf6 3. Nc3 e5 4. Nf3 Nbd7 5. Bc4 c6 6. dxe5 dxe5 7. Ng5 Bb4 8.
Nxf7 Qa5 9. Nxh8 Bxc3+ 10. Kf1 Bb4 11. Bg5 Qc5 12. Bf7+ Kd8 13. a3 Ba5 14. b4
Qc4+ 15. Bxc4 1-0

[Event "AUTO-OPEN-4213"]
[Site "http://www.queenalice.com/game.php?id=1643103"]
[Date "2021.2.9"]
[Round "3"]
[White "CCapivara"]
[Black "Lovac64"]
[Result "0-1"]
[WhiteElo "2271"]
[BlackElo "2421"]

1. e4 c5 2. Nf3 d6 3. d4 cxd4 4. Nxd4 Nf6 5. Nc3 a6 6. Bg5 Nbd7 7. f4 Qc7 8. Qf3
e6 9. O-O-O b5 10. Bd3 Bb7 11. g4 Be7 12. Bxf6 Bxf6 13. Nce2 Qb6 14. Nb3 O-O 15.
g5 Bd8 16. h4 a5 17. h5 a4 18. Nd2 Nc5 19. f5 Bxg5 20. Kb1 h6 21. Rhg1 exf5 22.
Qxf5 Nxd3 23. cxd3 Bc8 24. Qf1 a3 25. Nf3 axb2 26. Nxg5 Qa5 27. Kxb2 Qb4+ 28.
Ka1 Rxa2+ 29. Kxa2 Be6+ 0-1

[Event "AUTO-OPEN-4213"]
[Site "http://www.queenalice.com/game.php?id=1643104"]
[Date "2021.2.9"]
[Round "3"]
[White "Lovac64"]
[Black "CCapivara"]
[Result "1-0"]
[WhiteElo "2416"]
[BlackElo "2279"]

1. e4 d6 2. d4 Nf6 3. Nc3 c6 4. f4 Qa5 5. Bd3 e5 6. Nf3 Bg4 7. Be3 Nbd7 8. O-O
Be7 9. h3 Bxf3 10. Qxf3 O-O 11. Ne2 Rae8 12. c3 b5 13. Ng3 g6 14. a3 Qc7 15. a4
a6 16. b4 Nb6 17. fxe5 dxe5 18. Bh6 Nxa4 19. Bc2 Nb6 20. Nf5 Nh5 21. Rxa6 exd4
22. Nxe7+ Rxe7 23. Bxf8 Kxf8 24. cxd4 Nc4 25. Qf2 Qd6 26. e5 Qxb4 27. g4 Ng7 28.
Ra8+ Ne8 29. Qf6 1-0

[Event "AUTO-OPEN-4213"]
[Site "http://www.queenalice.com/game.php?id=1643105"]
[Date "2021.2.9"]
[Round "3"]
[White "bmax"]
[Black "Lovac64"]
[Result "0-1"]
[WhiteElo "2315"]
[BlackElo "2445"]

1. d4 Nf6 2. Nc3 d5 3. Bf4 e6 4. e3 Bb4 5. Nf3 Ne4 6. a3 Ba5 7. Qd3 Nxc3 8. bxc3
b6 9. Qb5+ Nd7 10. O-O-O a6 11. Qc6 Ra7 12. Bg5 f6 13. Qxe6+ Kf8 14. Qxd5 fxg5
15. Ne5 Qe8 16. h4 Nf6 17. Qc4 g4 18. Nc6 Rb7 19. h5 Bd7 20. Nxa5 bxa5 21. Qxa6
Rb6 22. Qa7 Qe7 23. Bd3 Bc6 24. Qxa5 Bxg2 25. Rh2 Bf3 26. Re1 Qd6 27. Rh4 Kf7
28. Bc4+ Ke7 29. Bd3 Ra8 30. Qe5+ Qxe5 31. dxe5 Nd7 0-1

[Event "AUTO-OPEN-4213"]
[Site "http://www.queenalice.com/game.php?id=1643106"]
[Date "2021.2.9"]
[Round "3"]
[White "Lovac64"]
[Black "bmax"]
[Result "1-0"]
[WhiteElo "2486"]
[BlackElo "2300"]

1. e4 d6 2. d4 Nf6 3. Nc3 e5 4. Nf3 Nbd7 5. Bc4 Be7 6. O-O O-O 7. a4 c6 8. Re1
Re8 9. h3 h6 10. a5 exd4 11. Nxd4 Ne5 12. Bb3 Bd7 13. f4 Ng6 14. Be3 b5 15. axb6
axb6 16. Rxa8 Qxa8 17. Nf3 Qa5 18. Qd2 b5 19. f5 Nf8 20. Bd4 b4 21. Nd1 d5 22.
exd5 Nxd5 23. g4 Qc7 24. Be5 Bd6 25. Bxd6 Qxd6 26. Rxe8 Bxe8 27. Bxd5 cxd5 28.
Kg2 g6 29. Nf2 Qf6 30. Qd4 Qxd4 31. Nxd4 Bd7 32. Nd3 b3 33. cxb3 1-0

[Event "AUTO-OPEN-4214"]
[Site "http://www.queenalice.com/game.php?id=1643195"]
[Date "2021.2.10"]
[Round "2"]
[White "AsterixTwin"]
[Black "Lovac64"]
[Result "0-1"]
[WhiteElo "2561"]
[BlackElo "2505"]

1. e4 c5 2. Nf3 d6 3. d4 cxd4 4. Nxd4 Nf6 5. Nc3 a6 6. Be2 e5 7. Nb3 Be7 8. O-O
O-O 9. Be3 Be6 10. Qd2 Nbd7 11. a4 Rc8 12. a5 Qc7 13. Rfd1 Rfd8 14. f3 h6 15.
Bf1 Nc5 16. Nxc5 dxc5 17. Qf2 c4 18. Bb6 Rxd1 19. Rxd1 Qc6 20. g3 Bb4 21. Qe3
Nd7 22. Kg2 Nxb6 23. axb6 Bc5 24. Qd2 Bxb6 25. Qd6 Qxd6 26. Rxd6 Bd4 27. Nd1 Kf8
28. c3 Ke7 29. Rxe6+ Kxe6 30. cxd4 exd4 31. Nf2 c3 32. bxc3 dxc3 33. Nd3 c2 34.
Nc1 Ke5 0-1

[Event "AUTO-OPEN-4214"]
[Site "http://www.queenalice.com/game.php?id=1643196"]
[Date "2021.2.10"]
[Round "2"]
[White "Lovac64"]
[Black "AsterixTwin"]
[Result "1-0"]
[WhiteElo "2490"]
[BlackElo "2563"]

1. e4 c5 2. Nf3 d6 3. d4 cxd4 4. Nxd4 Nf6 5. Nc3 a6 6. f3 e5 7. Nb3 Be6 8. Be3
Nbd7 9. g4 b5 10. g5 b4 11. Ne2 Nh5 12. Qd2 a5 13. Ng3 Nxg3 14. hxg3 a4 15. Nc1
Qa5 16. Be2 Be7 17. Nd3 d5 18. exd5 Bxd5 19. Rh4 a3 20. b3 Rb8 21. O-O-O h5 22.
Nxb4 Bxb4 23. Qxd5 Qxd5 24. Rxd5 Ke7 25. Rh1 g6 26. Rhd1 Rhd8 27. f4 exf4 28.
Bxf4 Nb6 29. Re5+ Kf8 30. Rb5 Rxd1+ 31. Bxd1 1-0

[Event "AUTO-OPEN-4214"]
[Site "http://www.queenalice.com/game.php?id=1643199"]
[Date "2021.2.10"]
[Round "2"]
[White "jotu"]
[Black "Lovac64"]
[Result "1-0"]
[WhiteElo "2373"]
[BlackElo "2505"]

1. e4 c5 2. Nf3 d6 3. d4 cxd4 4. Nxd4 Nf6 5. Nc3 a6 6. Be3 e5 7. Nb3 Be6 8. f3
h5 9. Qd2 Nbd7 10. a4 Be7 11. a5 O-O 12. Be2 Qc7 13. O-O b5 14. axb6 Nxb6 15.
Rxa6 Rxa6 16. Bxa6 d5 17. exd5 Nbxd5 18. Bf2 Rd8 19. Nxd5 Nxd5 20. Nc1 e4 21.
fxe4 Nf6 22. Qc3 Qb8 23. Nd3 Ng4 24. e5 Nxf2 25. Nxf2 Qb6 26. Be2 Rc8 27. Qd3
Qxb2 28. Qe4 g6 29. Bd3 Rc5 30. Qa4 Qxe5 31. Qa8+ Rc8 32. Qe4 Qd6 33. Qa4 h4 34.
Kh1 1-0

[Event "AUTO-OPEN-4214"]
[Site "http://www.queenalice.com/game.php?id=1643200"]
[Date "2021.2.10"]
[Round "2"]
[White "Lovac64"]
[Black "jotu"]
[Result "1-0"]
[WhiteElo "2499"]
[BlackElo "2381"]

1. e4 e5 2. Nf3 Nc6 3. Bb5 a6 4. Ba4 Nf6 5. O-O Be7 6. d3 b5 7. Bb3 O-O 8. a4 b4
9. a5 Bb7 10. Re1 d6 11. Nbd2 Rb8 12. c3 Bc8 13. d4 bxc3 14. bxc3 exd4 15. cxd4
Nb4 16. h3 d5 17. e5 Nd7 18. Qe2 Kh8 19. Ba3 c5 20. Bxb4 cxb4 21. Ba4 Bb7 22. e6
Nf6 23. Ng5 Qxa5 24. Qe5 Qb6 25. Nxf7+ Kg8 26. Qg5 Rxf7 27. exf7+ Kf8 28. Rxe7
1-0

[Event "AUTO-MASTER-2996"]
[Site "http://www.queenalice.com/game.php?id=1704087"]
[Date "2021.4.26"]
[Round "2"]
[White "CCapivara"]
[Black "Lovac64"]
[Result "0-1"]
[WhiteElo "2230"]
[BlackElo "2441"]

1. e4 c5 2. Nf3 d6 3. d4 cxd4 4. Nxd4 Nf6 5. Nc3 a6 6. Be2 e5 7. Nb3 Be7 8. Be3
Be6 9. O-O O-O 10. f4 exf4 11. Bxf4 Nc6 12. Kh1 d5 13. exd5 Nxd5 14. Nxd5 Bxd5
15. Bf3 Bxf3 16. Qxf3 Qd7 17. Rad1 Qf5 18. c3 Rad8 19. Qg3 Rxd1 20. Rxd1 Qc2 21.
Re1 Qxb2 22. Nd4 Nxd4 23. cxd4 Bb4 24. Rf1 Rd8 25. Be5 Bf8 26. h4 Qxa2 27. h5 h6
28. Rf6 a5 29. Rxh6 Qb1+ 30. Kh2 a4 31. Rf6 a3 32. h6 a2 33. hxg7 Qh7+ 34. Qh3
Qxh3+ 35. Kxh3 a1=Q 36. gxf8=Q+ Kxf8 37. Rh6 Qh1+ 0-1

[Event "AUTO-MASTER-2996"]
[Site "http://www.queenalice.com/game.php?id=1704088"]
[Date "2021.4.26"]
[Round "2"]
[White "Lovac64"]
[Black "CCapivara"]
[Result "1-0"]
[WhiteElo "2437"]
[BlackElo "2261"]

1. e4 d6 2. d4 Nf6 3. Nc3 c6 4. f4 Qa5 5. Bd3 e5 6. Nf3 Bg4 7. Be3 Nbd7 8. O-O
Be7 9. h3 Bxf3 10. Qxf3 O-O 11. Ne2 Qc7 12. c3 b5 13. Rad1 Rfd8 14. g4 exf4 15.
Bxf4 Nf8 16. g5 N6d7 17. Be3 f6 18. Ng3 Ng6 19. h4 Nxh4 20. Qg4 Ng6 21. e5 Ndf8
22. exf6 gxf6 23. gxf6 h5 24. f7+ Kg7 25. Bh6+ Kxh6 26. Nf5+ 1-0

[Event "AUTO-MASTER-2996"]
[Site "http://www.queenalice.com/game.php?id=1704089"]
[Date "2021.4.26"]
[Round "2"]
[White "Scharlatan"]
[Black "Lovac64"]
[Result "0-1"]
[WhiteElo "2188"]
[BlackElo "2450"]

1. e4 c5 2. Nf3 d6 3. d4 cxd4 4. Nxd4 Nf6 5. Nc3 a6 6. Bg5 Nbd7 7. Qe2 h6 8. Bh4
g6 9. O-O-O e5 10. Nb3 Be7 11. f3 b5 12. g4 b4 13. Nd5 Nxd5 14. Bxe7 Nxe7 0-1

[Event "AUTO-MASTER-2996"]
[Site "http://www.queenalice.com/game.php?id=1704090"]
[Date "2021.4.26"]
[Round "2"]
[White "Lovac64"]
[Black "Scharlatan"]
[Result "1-0"]
[WhiteElo "2477"]
[BlackElo "2157"]

1. e4 c5 2. Nf3 d6 3. d4 cxd4 4. Nxd4 Nf6 5. Nc3 g6 6. Be3 Bg7 7. f3 O-O 8. Qd2
Nc6 9. Bc4 Bd7 10. O-O-O Qa5 11. Bb3 Nxd4 12. Bxd4 b5 13. Rhe1 b4 14. Bxf6 Bxf6
15. Nd5 1-0

[Event "AUTO-ELITE-2296"]
[Site "http://www.queenalice.com/game.php?id=1768980"]
[Date "2021.9.6"]
[Round "2"]
[White "Sexxy_Bunny"]
[Black "Lovac64"]
[Result "1-0"]
[WhiteElo "2788"]
[BlackElo "2511"]

1. e4 c6 2. d4 d5 3. e5 Bf5 4. Nf3 e6 5. Be2 Nd7 6. O-O Ne7 7. Nbd2 h6 8. Nb3 g5
9. Ne1 Qc7 10. Nd3 Ng6 11. Be3 O-O-O 12. Bg4 Be4 13. g3 Kb8 14. Bh5 Rg8 15. Ne1
1-0

[Event "AUTO-ELITE-2296"]
[Site "http://www.queenalice.com/game.php?id=1768981"]
[Date "2021.9.6"]
[Round "2"]
[White "Lovac64"]
[Black "Sexxy_Bunny"]
[Result "0-1"]
[WhiteElo "2514"]
[BlackElo "2778"]

1. e4 c5 2. Nf3 d6 3. d4 cxd4 4. Nxd4 Nf6 5. Nc3 a6 6. Be3 e5 7. Nb3 Be6 8. f3
h5 9. Qd2 Nbd7 10. Nd5 Bxd5 11. exd5 Qc7 12. O-O-O g6 13. Kb1 Bg7 0-1